KAMA- KAUTUHALA (Record no. 16541)

MARC details
000 -LEADER
fixed length control field 00316nam a22001457a 4500
003 - CONTROL NUMBER IDENTIFIER
control field SGT
020 ## - INTERNATIONAL STANDARD BOOK NUMBER
International Standard Book Number 978-93-86554-08-6
082 ## - DEWEY DECIMAL CLASSIFICATION NUMBER
Classification number 615.53
Item number K17K
100 ## - MAIN ENTRY--PERSONAL NAME
Personal name KUMAR,ARHANTH.ED.
245 ## - TITLE STATEMENT
Title KAMA- KAUTUHALA
260 ## - PUBLICATION, DISTRIBUTION, ETC. (IMPRINT)
Place of publication, distribution, etc VARANASI
Name of publisher, distributor, etc CHAUKHAMBA PUB
Year of Publication 2017
300 ## - PAGE DESCRIPTION
No. of Pages 96
650 ## - SUBJECT ADDED ENTRY--TOPICAL TERM
Topical term or geographic name as entry element AYURVEDA
942 ## - ADDED ENTRY ELEMENTS (KOHA)
Source of classification or shelving scheme Dewey Decimal Classification
Koha item type Books
Holdings
Withdrawn status Lost status Source of classification or shelving scheme Damaged status Not for loan Collection code Home library Current library Shelving location Date acquired Vendor Name Cost, normal purchase price SGTU Bill Number Full call number Accession No. (Barcode) Date last seen Bill Date Koha item type Use restrictions
    Dewey Decimal Classification     AYURVEDA SGT FA-FP Library SGT FA-FP Library Text Book 18/01/2019 CHAUKHAMBA PUB 180.00 SGTU 1338 615.53 K17K FA8460 18/01/2019 16/01/2019 Books  
    Dewey Decimal Classification     AYURVEDA SGT FA-FP Library SGT FA-FP Library Reference Book 18/01/2019 CHAUKHAMBA PUB 180.00 SGTU 1338 615.53 K17K FA8461 18/01/2019 16/01/2019 Books Restricted Access